000 00660nam a2200229Ia 4500
003 OSt
005 20230504145625.0
008 210423s2009 xx 000 0 und d
020 _a9788131719534
040 _cAL
041 _aeng
082 _a621.382 TOMW
_223
100 _aTOMASI (Wayne).
_997748
245 _aElectronic communications systems: fundamentals through advanced.
250 _a5
260 _aNew Delhi
_bPearson Education Pvt Ltd
_c2009
300 _axvi,1115
_bPB
365 _b625
_cINR
650 _aElectronics
_997749
906 _aadvanced. ; communications ; Electronic ; fundamentals ; systems: ; through
942 _2ddc
_cBK
999 _c162049
_d162049